00293nam a2200121Ia 4500008004100000100003500041245002000076260003000096300000900126650001200135942000700147999001700154190216s9999||||xx |||||||||||||| ||und|| aSubbash Satheesh Ans Sindhwani 0aThermodyanamics bJaiprakash Nath &coc1978 a164p aPhysics cBK c32890d32890